A geographic dictionary of Washington, (Record no. 25825)
[ view plain ]
| 000 -LEADER | |
|---|---|
| fixed length control field | 00754cam a22002291 4500 |
| 001 - CONTROL NUMBER | |
| control field | gs 18000101 |
| 003 - CONTROL NUMBER IDENTIFIER | |
| control field | DLC |
| 005 - DATE AND TIME OF LATEST TRANSACTION | |
| control field | 20260227111322.0 |
| 008 - FIXED-LENGTH DATA ELEMENTS--GENERAL INFORMATION | |
| fixed length control field | 770412s1917 waubf 000 0 eng c |
| 010 ## - LIBRARY OF CONGRESS CONTROL NUMBER | |
| LC control number | gs 18000101 |
| 035 ## - SYSTEM CONTROL NUMBER | |
| System control number | (OCoLC)2882774 |
| 040 ## - CATALOGING SOURCE | |
| Original cataloging agency | U.S. Geol. survey. Library |
| Transcribing agency | TNJ |
| Modifying agency | DLC |
| 050 00 - LIBRARY OF CONGRESS CALL NUMBER | |
| Classification number | QE175 |
| Item number | .A3 no. 17 |
| 051 ## - LIBRARY OF CONGRESS COPY, ISSUE, OFFPRINT STATEMENT | |
| Classification number | F889 |
| Item number | .L25 |
| 082 ## - DEWEY DECIMAL CLASSIFICATION NUMBER | |
| Classification number | 284 |
| -- | W4e no.17 |
| 100 1# - MAIN ENTRY--PERSONAL NAME | |
| Personal name | Landes, Henry, |
| Dates associated with a name | 1867-1936. |
| 245 12 - TITLE STATEMENT | |
| Title | A geographic dictionary of Washington, |
| Statement of responsibility, etc. | by Henry Landes. |
| 260 ## - PUBLICATION, DISTRIBUTION, ETC. | |
| Place of publication, distribution, etc. | Olympia, |
| Name of publisher, distributor, etc. | F. M. Lamborn, public printer, |
| Date of publication, distribution, etc. | 1917. |
| 300 ## - PHYSICAL DESCRIPTION | |
| Extent | 346 p. |
| Other physical details | incl. pl. 2-10 (maps, diagrs.) fold. pl. (map) |
| Dimensions | 23 cm. |
| 490 0# - SERIES STATEMENT | |
| Series statement | Washington. Geological survey. Bulletin |
| Volume/sequential designation | no. 17 |
| 651 #0 - SUBJECT ADDED ENTRY--GEOGRAPHIC NAME | |
| Geographic name | Washington (State) |
| Form subdivision | Gazetteers. |
No items available.